Философия на отрицанието (Запис номер 136228)
[ съкратено ]
| 000 -Лидер | |
|---|---|
| Контролно поле с фиксирана дължина | nam a22 c 4500 |
| 003 - Код на организацията, давaща контролен номер | |
| Контролно поле | BLK |
| 005 - Дата и час на последна редакция | |
| Контролно поле | 20210319112822.0 |
| 008 - Елементи от данни с фиксирана дължина | |
| fixed length control field | 180409b bul|||||r ||||||| ||bul|| |
| 010 ## - Наследен системен номер | |
| LC control number | KNG00142165000 |
| 040 ## - Източник на каталожния запис | |
| Идентификатор на билиотеката - собственик на записа | BLK |
| 041 ## - Код за език | |
| Код за езика на текст/звукозапис или на отделно заглавие | Български |
| Код за езика КДБФ | Български |
| 080 ## - УДК | |
| Текстов определител УДК | Видове философски системи и направления според отношението към човешкото общество |
| УДК код - определител по УДК | 141.7 |
| УДК - код + определител | 141.7 |
| 080 ## - УДК | |
| Текстов определител УДК | Индивидуална етика. Морално съзнание. Задължения на човека към самия себе си. Поведение на отделен човек |
| УДК код - определител по УДК | 171 |
| УДК - код + определител | 171 |
| 080 ## - УДК | |
| Текстов определител УДК | Обекти на моралната оценка - Поведение. Личности. Индивидуалност. Съзнание за дълг. Воля. Дисциплина. Свобода на волятя и действието. Социални задръжки |
| УДК код - определител по УДК | 17.021 |
| УДК - код + определител | 17.021 |
| 080 ## - УДК | |
| Текстов определител УДК | Отказ от моралните задължения. Етически скептицизъм. Аморалност. Нихилизъм |
| УДК код - определител по УДК | 17.037 |
| УДК - код + определител | 17.037 |
| 080 ## - УДК | |
| Текстов определител УДК | Социално поведение. Девиантно поведение. Социална патология. Активност и пасивност, конвенционално поведение, мотивация, потребности, стремежи |
| УДК код - определител по УДК | 316.62 |
| УДК - код + определител | 316.62 |
| 100 1# - Редна дума - Автор | |
| Автор | Иванчев, Димитър Петров |
| Авторска отговорност | първи автор |
| R(LIN) | 325237 |
| 139 ## - Редно поле | |
| Редна дума | Иванчев, Димитър Петров |
| Авторски знак | Иванч - И 25 |
| 245 10 - Сведения за заглавието | |
| Заглавие | Философия на отрицанието |
| Подзаглавни данни | Индивидуализъм и аморализъм |
| Редно поле (дума) | Димитър Петров Иванчев. |
| 257 ## - Страна на издаване | |
| Страна на създаване/издаване | България |
| 260 ## - Област на издателските данни | |
| Място на издаване, разпространение и проч. | София |
| Година на издаване | 1937 |
| Печатница | София : печ. Култура |
| 300 ## - Физическа характеристика | |
| Страници | 176 с. |
| Размери/Мащаб | 21 см |
| 380 ## - Жанр | |
| Жанр | Философия |
| 500 ## - Общи забележки | |
| Забележка | 1 000 тир. - Библиогр. с. 169-172. |
| 650 #4 - Допълнително описание по предмет – тема | |
| Основно описание – тема или топоним | Морал - философски проблеми |
| 9 (RLIN) | 252066 |
| 650 #4 - Допълнително описание по предмет – тема | |
| Основно описание – тема или топоним | Индивидуализъм |
| 9 (RLIN) | 157191 |
| 650 #4 - Допълнително описание по предмет – тема | |
| Основно описание – тема или топоним | Поведение (етич.) |
| 9 (RLIN) | 246207 |
| 653 ## - Ключова дума – ненормативна | |
| Ключова дума | индивидуализъм |
| 653 ## - Ключова дума – ненормативна | |
| Ключова дума | морал |
| 653 ## - Ключова дума – ненормативна | |
| Ключова дума | егоизъм |
| 653 ## - Ключова дума – ненормативна | |
| Ключова дума | поведение |
| 852 ## - Местоположение | |
| Форматна сигнатура | Цб 1.205.16063 |
| 856 4# - Електронен адрес и достъп | |
| Електронен формат | pdf - файл |
| 856 4# - Електронен адрес и достъп | |
| Електронен формат | pdf - файл |
| 999 ## - СИСТЕМНИ КОНТРОЛНИ НОМЕРА | |
| Koha biblionumber | 136228 |
| Koha biblioitemnumber | 136228 |
| 942 ## - АРТИКУЛИ | |
| Вид на библиотечния материал | Книги |
| Скрит в OPAC | Не |
| Периодичен библиозапис | Да |
| 944 ## - СЪЗДАВАНЕ И РЕДАКЦИЯ на ЗАПИСА | |
| Създаване/Редакция | Създаване |
| Дата на регистрацията/редакция | 17.04.2013 |
| Статус, дата на статуса | ф / 17.04.2013 |
| Служител, извършил регистрацията/редакцията | Наталия_Медовщикова |
| 944 ## - СЪЗДАВАНЕ И РЕДАКЦИЯ на ЗАПИСА | |
| Създаване/Редакция | Редакция |
| Дата на регистрацията/редакция | 2021-03-19 |
| Служител, извършил регистрацията/редакцията | Кети |
| Код за отписване | Код за изгубен артикул | Източник на класификационната схема | Код за повреда | Коз за рестрикции | Код за отдаване | Артикулен № | Име на библиотеката - собственик | Име на библиотеката, в която се намира в момента | Статус (Текущо местоположение) | Дата на вписване в системата | Местоположение - отдел | Цена в лева | Инвентарен номер | Систематично азбучна сигнатура | Баркод | Номер на екземпляра | Цена в евро | Служебна бележка | Служебен тип на артикула |
|---|---|---|---|---|---|---|---|---|---|---|---|---|---|---|---|---|---|---|---|
| Не е изгубен | Universal Decimal Classification | Не е повреден | без рестрикции | ползва се в читалня | 222643 | Регионална библиотека "Любен Каравелов" Русе | Регионална библиотека "Любен Каравелов" Русе | Хранилище | 1937-01-01 | Основен фонд - ползва се само за читалня | 0.14 | 16063-б | Цб 1.205.16063 | 900000039209 | 1 | 0.07 | N: стар фонд Дата: 01.01.1937 Дата инв: 09.04.2015 Бележки инв: О2015 | Книги |